SAMSKARA (Record no. 9362)
[ view plain ]
| 000 -LEADER | |
|---|---|
| fixed length control field | 00298nam a22001217a 4500 |
| 005 - DATE AND TIME OF LATEST TRANSACTION | |
| control field | 20250901165809.0 |
| 008 - FIXED-LENGTH DATA ELEMENTS--GENERAL INFORMATION | |
| fixed length control field | 250320b |||||||| |||| 00| 0 eng d |
| 020 ## - INTERNATIONAL STANDARD BOOK NUMBER | |
| Linkage | 9780198077145 |
| 050 ## - LIBRARY OF CONGRESS CALL NUMBER | |
| Classification number | PL 4659 .S26 2012 |
| 245 ## - TITLE STATEMENT | |
| Title | SAMSKARA |
| Remainder of title | A RITE FOR A DEAD MAN |
| 250 ## - EDITION STATEMENT | |
| Linkage | SECOND EDITION |
| 942 ## - ADDED ENTRY ELEMENTS (KOHA) | |
| Source of classification or shelving scheme | Library of Congress Classification |
| Withdrawn status | Lost status | Source of classification or shelving scheme | Damaged status | Not for loan | Collection | Home library | Current library | Shelving location | Date acquired | Source of acquisition | Total checkouts | Full call number | Barcode | Date last seen | Price effective from | Koha item type |
|---|---|---|---|---|---|---|---|---|---|---|---|---|---|---|---|---|
| Library of Congress Classification | Main Library | Main Library | 03/20/2025 | Donation from KICD | PL 4659 .S26 2012 | PIUD0000347 | 03/20/2025 | 03/20/2025 | Books | |||||||
| Library of Congress Classification | Main Library | Main Library | 03/20/2025 | Donation from KICD | PL 4659 .S26 2012 | PIUD0000348 | 03/20/2025 | 03/20/2025 | Books |